[Event "Netanya op"]
[Site "Netanya"]
[Date "2019.07.01"]
[Round "8"]
[White "Lazebnikov, Yefim"]
[Black "Sherman, Reem"]
[Result "0-1"]
[WhiteElo "1444"]
[BlackElo "1978"]
[PlyCount "102"]
[EventDate "2019.06.23"]
[EventType "swiss"]
[EventRounds "9"]
[EventCountry "ISR"]
[SourceTitle "CBM 191 Extra"]
[Source "ChessBase"]
[SourceDate "2019.09.30"]
[SourceVersion "1"]
[SourceVersionDate "2019.09.30"]
[SourceQuality "1"]

1. b3 e5 2. Bb2 Nc6 3. a3 d5 4. e3 a6 5. g3 Be6 6. Bg2 Qd7 7. Ne2 h5 8. h4 Nf6 9. Nbc3 Bd6 10. e4 d4 11. Nd5 Be7 12. Nxf6+ Bxf6 13. d3 g6 14. Qd2 Bg7 15. Ng1 Bh6 16. Qe2 Qd6 17. Bh3 a5 18. Bxe6 Qxe6 19. Nh3 a4 20. b4 Qd6 21. Bc1 Bxc1 22. Rxc1 Na7 23. c4 dxc3 24. Rxc3 Nb5 25. Rc5 Nd4 26. Qd1 c6 27. f4 exf4 28. Nxf4 b6 29. Rc4 0-0 30. 0-0 Rad8 31. Kg2 Qe5 32. Ne2 Nxe2 33. Qxe2 Rd6 34. Rf3 b5 35. Rc5 Qa1 36. Qd2 Qxa3 37. e5 Rd4 38. e6 Qxb4 39. exf7+ Rxf7 40. Qxb4 Rxb4 41. Rxc6 Rb2+ 42. Kh3 Rxf3 43. Rxg6+ Kh7 44. Rg5 a3 45. Rxh5+ Kg6 46. Rc5 a2 47. Rc6+ Kg7 48. Ra6 Rf1 49. Ra7+ Kf6 50. Ra6+ Ke5 51. d4+ Kd5 0-1